000 00429nam a2200181Ia 4500
008 090124s9999 xx 000 0 und d
082 _b128527
100 _aपै शिरीष
245 _a कोलाज
250 _a1
260 _c1998
300 _a132
600 _aपै शिरीष
630 _a कोलाज
700 _aपै शिरीष
730 _a कोलाज
942 _cBOOK
999 _c174616
_d174616